| 000 | 00691nam a2200265Ia 4500 | ||
|---|---|---|---|
| 003 | OSt | ||
| 005 | 20140313132646.0 | ||
| 008 | 140130s9999 xx 000 0 und d | ||
| 020 | _a9780439410731 | ||
| 050 |
_aPZ 7 _b.B852Cld 2003 |
||
| 100 | _aBridwell, Norman. | ||
| 245 |
_cNorman Bridwell. _aClifford's day with dad / |
||
| 260 |
_bScholastic Inc., _c2003. _aUSA : |
||
| 300 |
_a30 p. : _bcol. ill. ; _c23 cm. |
||
| 440 | _v1 | ||
| 521 | _aG1 | ||
| 526 | _c290 | ||
| 650 |
_aDogs _xFiction. |
||
| 650 |
_aClifford (Fictitious character : Bridwell) _xFiction. |
||
| 650 |
_aFathers _xFiction. |
||
| 942 |
_cBK _2lcc |
||
| 999 |
_c40102 _d40102 |
||